Washington Commanders Head Coaches - Statistics

General Stats
  • This quiz has been taken 73 times
    51 since last reset
  • The average score is 9 of 31
Answer Stats
Era Hint Answer % Correct
Washington Redskins 1981-1992 Joe Gibbs
95%
Washington Redskins 2004-2007 Joe Gibbs
95%
Washington Football Team & Commanders 2020-present Ron Rivera
89%
Washington Redskins 2014-2019 Jay Gruden
74%
Washington Redskins 1971-1977 George Allen
61%
Washington Redskins 2010-2013 Mike Shanahan
58%
Washington Redskins 1994-2000 Norv Turner
55%
Washington Redskins 2008-2009 Jim Zorn
50%
Washington Redskins 1969 Vince Lombardi
50%
Washington Redskins 2001 Marty Schottenheimer
45%
Washington Redskins 2002-2003 Steve Spurrier
39%
Washington Redskins 1978-1980 Jack Pardee
26%
Washington Redskins 2019* Bill Callahan
24%
Washington Redskins 1952-1953 Curly Lambeau
18%
Washington Redskins 1993 Richie Petitbon
16%
Washington Redskins 2000* Terry Robiskie
16%
Washington Redskins 1970 Bill Austin
8%
Washington Redskins 1954-1958 Joe Kuharich
5%
Boston Redskins 1933-1934 Lone Star Dietz
5%
Washington Redskins 1966-1968 Otto Graham
5%
Washington Redskins 1936-1942 Ray Flaherty
5%
Washington Redskins 1961-1965 Bill McPeak
3%
Washington Redskins 1951* Dick Todd
3%
Washington Redskins 1944-1945 Dudley DeGroot
3%
Washington Redskins 1943 Dutch Bergman
3%
Boston Braves 1932 Lud Wray
3%
Washington Redskins 1959-1960 Mike Nixon
3%
Boston Redskins 1935 Eddie Casey
0%
Washington Redskins 1949-1951 Herman Ball
0%
Washington Redskins 1949 John Whelchel
0%
Washington Redskins 1946-1948 Turk Edwards
0%
No matching quizzes found
Score Distribution
Percent of People with Each Score
Percentile by Number Answered
Your Score History
You have not taken this quiz since the last reset